<?xml version="1.0" encoding="UTF-8"?>
<record
    xmlns:xsi="http://www.w3.org/2001/XMLSchema-instance"
    xsi:schemaLocation="http://www.loc.gov/MARC21/slim http://www.loc.gov/standards/marcxml/schema/MARC21slim.xsd"
    xmlns="http://www.loc.gov/MARC21/slim">

  <leader>01058nam a22002537a 4500</leader>
  <controlfield tag="005">20170123162345.0</controlfield>
  <datafield tag="010" ind1=" " ind2=" ">
    <subfield code="a">B-029426</subfield>
  </datafield>
  <datafield tag="020" ind1=" " ind2=" ">
    <subfield code="c">75.00</subfield>
  </datafield>
  <datafield tag="035" ind1=" " ind2=" ">
    <subfield code="a">B-029426</subfield>
  </datafield>
  <datafield tag="037" ind1=" " ind2=" ">
    <subfield code="b">Cen Lib/Ret</subfield>
  </datafield>
  <datafield tag="040" ind1=" " ind2=" ">
    <subfield code="a">DPL</subfield>
    <subfield code="b">UR</subfield>
  </datafield>
  <datafield tag="082" ind1=" " ind2=" ">
    <subfield code="a">841.08</subfield>
    <subfield code="b">&#x646; &#x627; &#x631; </subfield>
  </datafield>
  <datafield tag="100" ind1=" " ind2=" ">
    <subfield code="a">&#x646;&#x627;&#x631;&#x646;&#x6AF;&#x60C; &#x6AF;&#x648;&#x67E;&#x6CC; &#x686;&#x646;&#x62F; </subfield>
    <subfield code="9">130103</subfield>
  </datafield>
  <datafield tag="245" ind1=" " ind2=" ">
    <subfield code="a">&#x633;&#x627;&#x646;&#x62D;&#x6C1; &#x6A9;&#x631;&#x628;&#x644;&#x627; &#x628;&#x627; &#x637;&#x648;&#x631; &#x634;&#x6CC;&#x631;&#x631;&#x6CC; &#x627;&#x633;&#x62A;&#x639;&#x627;&#x631;&#x6C1; : </subfield>
    <subfield code="c">&#x6AF;&#x648;&#x67E;&#x6CC; &#x686;&#x646;&#x62F; &#x646;&#x627;&#x631;&#x646;&#x6AF; </subfield>
    <subfield code="b">&#x627;&#x631;&#x62F;&#x648; &#x634;&#x627;&#x639;&#x631;&#x6CC; &#x6A9;&#x627; &#x627;&#x6CC;&#x6A9; &#x62A;&#x62E;&#x644;&#x6CC;&#x642;&#x6CC; &#x631;&#x62C;&#x62D;&#x627;&#x646; /</subfield>
  </datafield>
  <datafield tag="246" ind1=" " ind2=" ">
    <subfield code="a">Saniha-e-karbala bataursheri istiarah : urdu shairi ka ek takhleeqi ujhan /</subfield>
    <subfield code="b">by Gopi Chand Narang </subfield>
  </datafield>
  <datafield tag="260" ind1=" " ind2=" ">
    <subfield code="a">&#x62F;&#x6C1;&#x644;&#x6CC; </subfield>
    <subfield code="b">&#x627;&#x6CC;&#x62C;&#x648;&#x6A9;&#x6CC;&#x634;&#x646;&#x644; &#x67E;&#x628;&#x644;&#x634;&#x646;&#x6AF; &#x6C1;&#x627;&#x624;&#x633;</subfield>
    <subfield code="c">2000</subfield>
  </datafield>
  <datafield tag="270" ind1=" " ind2=" ">
    <subfield code="b">&#x62F;&#x6C1;&#x644;&#x6CC; </subfield>
    <subfield code="a">&#x663;&#x661;&#x660;&#x668;&#x60C; &#x6AF;&#x644;&#x6CC; &#x639;&#x632;&#x6CC;&#x632;&#x62F;&#x62F;&#x6CC;&#x6BA; &#x648;&#x6A9;&#x6CC;&#x644; &#x6A9;&#x648;&#x686;&#x6C1; &#x67E;&#x646;&#x688;&#x62A; &#x644;&#x627;&#x644; &#x6A9;&#x648;&#x627;&#x646;</subfield>
    <subfield code="e">110006</subfield>
  </datafield>
  <datafield tag="300" ind1=" " ind2=" ">
    <subfield code="a">122p.</subfield>
    <subfield code="c">21cm(Hb)</subfield>
  </datafield>
  <datafield tag="650" ind1=" " ind2=" ">
    <subfield code="a">&#x627;&#x62F;&#x628; -- &#x627;&#x631;&#x62F;&#x648; </subfield>
    <subfield code="9">130104</subfield>
  </datafield>
  <datafield tag="650" ind1=" " ind2=" ">
    <subfield code="a"> &#x627;&#x631;&#x62F;&#x648; &#x634;&#x627;&#x639;&#x631;&#x6CC; - &#x62A;&#x646;&#x642;&#x6CC;&#x62F;</subfield>
    <subfield code="9">107857</subfield>
  </datafield>
  <datafield tag="650" ind1=" " ind2=" ">
    <subfield code="a">Literature -- Urdu</subfield>
    <subfield code="9">130105</subfield>
  </datafield>
  <datafield tag="650" ind1=" " ind2=" ">
    <subfield code="a">Urdu poetry -- Criticism </subfield>
    <subfield code="9">107865</subfield>
  </datafield>
  <datafield tag="942" ind1=" " ind2=" ">
    <subfield code="2">ddc</subfield>
    <subfield code="c">UR</subfield>
    <subfield code="h">841.08</subfield>
    <subfield code="m">&#x646; &#x627; &#x631; </subfield>
  </datafield>
  <datafield tag="999" ind1=" " ind2=" ">
    <subfield code="c">108789</subfield>
    <subfield code="d">108789</subfield>
  </datafield>
  <datafield tag="952" ind1=" " ind2=" ">
    <subfield code="0">0</subfield>
    <subfield code="1">0</subfield>
    <subfield code="4">0</subfield>
    <subfield code="7">0</subfield>
    <subfield code="a">L</subfield>
    <subfield code="b">L</subfield>
    <subfield code="d">2016-02-04</subfield>
    <subfield code="e">Cen Lib/Ret</subfield>
    <subfield code="g">75.00</subfield>
    <subfield code="l">0</subfield>
    <subfield code="o">841.08 &#x646; &#x627; &#x631;</subfield>
    <subfield code="p">B-029426</subfield>
    <subfield code="r">2016-02-04 00:00:00</subfield>
    <subfield code="t">1</subfield>
    <subfield code="v">75.00</subfield>
    <subfield code="w">2016-02-04</subfield>
    <subfield code="y">UR</subfield>
  </datafield>
</record>
